| 000 | 00921 a2200205 4500 | ||
|---|---|---|---|
| 003 | Nust | ||
| 005 | 20220803102157.0 | ||
| 010 | _a 2005050581 | ||
| 020 | _a0824753879 | ||
| 040 | _cNust | ||
| 082 | 0 | 0 | _a621.317,BEN |
| 100 | 1 |
_aBennett, Johnny C. _996380 |
|
| 245 | 1 | 0 |
_aPractical Computer Analysis of Switch Mode Power Supplies / _cJohnny C. Bennett. |
| 260 |
_aBoca Raton, FL : _bTaylor & Francis, _c2005. |
||
| 300 |
_a260 p. : _bill. ; _c24 cm. |
||
| 505 | _aReview of switch mode power supply fundamentals (Page-1), SMPS analysis requirements (Page-19), Fundamental switch mode converter model development (Page-37), Analyzing the fundamental SMPS model (Page-59), SMPS component models (Page-95), Analyzing the advanced SMPS model (Page-129) | ||
| 650 | 0 | _aTelecommunication Engineering | |
| 856 | 4 | 2 |
_3Publisher description _uhttp://www.loc.gov/catdir/enhancements/fy0647/2005050581-d.html |
| 942 |
_cREF _2ddc |
||
| 999 |
_c176955 _d176955 |
||